Vedení lidí, týmů a firem praktický atlas managementu

Saved in:
Bibliographic Details
Main Author: Plamínek, Jiří
Format: Book
Language:Czech
Published: Praha Grada Publishing 2002
Series:Manažer
Subjects:
Tags: Add Tag
No Tags, Be the first to tag this record!

MARC

LEADER 00000nam a2200000 4500
001 c142554
005 20221124093210.2
020 |a 80-247-0403-X 
041 0 |a cze 
044 |a CZ 
245 1 0 |a Vedení lidí, týmů a firem  |b praktický atlas managementu  |c Jiří Plamínek 
264 1 |a Praha  |b Grada Publishing  |c 2002 
300 |a 151 s. 
490 1 |a Manažer 
830 0 |a Manažer 
610 2 0 |a vedenie 
610 2 0 |a vedenie podniku 
610 2 0 |a riadenie 
610 2 0 |a riadenie podnikové 
610 2 0 |a firmy 
610 2 0 |a podnik 
610 2 0 |a skupiny pracovné 
610 2 0 |a tímy pracovné 
610 2 0 |a zdroje ľudské 
610 2 0 |a hodnotenie pracovníkov 
610 2 0 |a motivácia 
610 2 0 |a schopnosti pracovné 
610 2 0 |a konflikty 
100 1 |a Plamínek, Jiří